000 00298cam a22001097a 4500
008 180718b-- xxu||||| |||| 00| 0 eng d
082 _aXA41303x5442 A
100 _aMaharashtra. Legislature
245 _aMaharashtra act no. XV of 1971
260 _aBombay
_bThe author
_c--
500 _aLibrary has 1971
999 _c476387
_d476387